000 00640nam a2200229Ia 4500
003 OSt
005 20220926014354.0
006 a|||||r|||| 00| 0
007 ta
008 220923b |||||||| |||| 00| 0 eng d
037 _cGeneral Book
040 _aRTL
_cRTL
_beng
041 _2eng
_aeng
082 _aX:89F, K9
100 _aBourn A. M. Ed.
_9320503
245 0 _aStudies in accounting for management decision
260 _aNew York
_bMcGraw Hill U. S. A.
_c1969
300 _axii, 346p.
_ccm.
650 _aAccounting Management
942 _hX:89F, K9
_cGB
_2CC
999 _c628842
_d628842